Ringkasan eksekutif : Model Ekonomi Baru untuk Malaysia.

Bibliographic Details
Corporate Author: Majlis Penasihat Ekonomi Negara (MPEN)
Format: Book
Published: Putrajaya: Majlis Penasihat Ekonomi Negara (MPEN), 2010.
Subjects:
LEADER 01135cam a2200265 7i4500
001 0000024549
005 20100603090000.0
090 0 0 |a M 338.09595   |b MAJ 
110 2 0 |a Majlis Penasihat Ekonomi Negara (MPEN) 
245 2 0 |a Ringkasan eksekutif :   |b Model Ekonomi Baru untuk Malaysia. 
260 0 0 |a Putrajaya:   |b Majlis Penasihat Ekonomi Negara (MPEN),   |c 2010. 
300 # # |a 37 p. 
500 0 0 |a Bahagian I : Hala tuju dasar strategik 
650 0 0 |a Malaysia --   |x Economic policy  
650 0 0 |a Economic forecasting --   |z Malaysia  
650 0 0 |a New economic model --   |z Malaysia  
651 0 0 |a Malaysia  
999 |a JHR000217H  |b Book  |c Malaysia  |e MATRADE Southern Regional Office 
999 |a 0000026710  |b Book  |c Malaysia  |e Business Information Centre 
999 |a 0000026711  |b Book  |c Malaysia  |e Business Information Centre 
999 |a 0000026712  |b Book  |c Malaysia  |e Business Information Centre 
999 |a PNG000924H  |b Book  |c Malaysia  |e MATRADE Northern Regional Office 
999 |a SBH000894H  |b Book  |c Malaysia  |e MATRADE Sabah 
999 |a SRW000321H  |b Book  |c Malaysia  |e MATRADE Sarawak 
999 |a TRG000203H  |b Book  |c Malaysia  |e MATRADE Eastern Regional Office